000 00343nam a2200133Ia 4500
008 240624s9999 xx 000 0 und d
041 _aeng
082 _a920 GHO
100 _aGHOSH NEMAI
245 _aMANIKA DA MEMORIES OF SATYAJIT RAY
260 _c2011
_aNew Delhi
_bHarperCollins Publishers India
300 _a107 : p.
365 _cRS
_b25
999 _c17525
_d17525